| 000 | 00687aam a2200253 4500 | ||
|---|---|---|---|
| 005 | 20161020185332.0 | ||
| 008 | 150713b xxu||||| |||| 00| 0 spa d | ||
| 041 | _aEspañol | ||
| 082 | _a428.3 B346h | ||
| 100 |
_aBaugh, L. Sue _928342 |
||
| 245 | _aHow to write first-Class letters | ||
| 260 | _aEstados Unidos | ||
| 260 | _bPublishing | ||
| 260 | _c1994 | ||
| 300 | _a328 páginas | ||
| 500 | _aDisponible en idioma inglés | ||
| 650 |
_aINGLES _92062 |
||
| 650 |
_aENSEÑANZA _9236 |
||
| 650 |
_aCARTAS EN INGLES _928343 |
||
| 650 |
_aCORRESPONDENCIA COMERCIALl _928344 |
||
| 650 |
_aCARTAS SOCIALES _928345 |
||
| 650 |
_aORGANIZACION DE CARTAS _928346 |
||
| 942 | _cBK | ||
| 999 |
_c1682 _d1682 |
||